00511nam a2200145Ia 4500003000900000008004100009020002600050040001600076100002400092245006100116260003200177300002000209490003300229856010300262IN-BaIIA211028s9999 xx s 000 0 eng d a9780819437037 (Print) cIIA Library aNgan, King Ngi, ed. 0aVisual Communications and Image Processing 2000h[eBook] aWashington, USAbSPIEc2000 aOnline resource aProceedings of SPIE; V. 4067 uhttps://www.spiedigitallibrary.org/conference-proceedings-of-spie/4067yClick Here to Access eBook